UBT Library

Financial management in agriculture / (Record no. 41149)

000 -LEADER
fixed length control field 00694cam a22002295a 4500
001 - CONTROL NUMBER
control field 203399
005 - DATE AND TIME OF LATEST TRANSACTION
control field 20180129070057.0
008 - FIXED-LENGTH DATA ELEMENTS--GENERAL INFORMATION
fixed length control field 990427s2000 ilua b 001 0 eng
010 ## - LIBRARY OF CONGRESS CONTROL NUMBER
LC control number 99063100
020 ## - INTERNATIONAL STANDARD BOOK NUMBER
International Standard Book Number 081343176X (hard cover)
040 ## - CATALOGING SOURCE
Original cataloging agency DLC
Transcribing agency DLC
Modifying agency DLC
041 ## - LANGUAGE CODE
Language code of text/sound track or separate title eng
080 ## - UNIVERSAL DECIMAL CLASSIFICATION NUMBER
Universal Decimal Classification number 630.681 BAR
082 00 - DEWEY DECIMAL CLASSIFICATION NUMBER
Classification number 630.681 BAR
Edition number 21
100 ## - Rafti
Rafti 55
101 ## - Shkurtesa
Shkurtesa MF
245 00 - TITLE STATEMENT
Title Financial management in agriculture /
Statement of responsibility, etc Peter J. Barry ... [et al.].
504 ## - BIBLIOGRAPHY, ETC. NOTE
Bibliography, etc Includes bibliographical references and index.
906 ## - LOCAL DATA ELEMENT F, LDF (RLIN)
a 7
b cbc
c orignew
d 2
e opcn
f 19
g y-gencatlg
942 ## - ADDED ENTRY ELEMENTS (KOHA)
Source of classification or shelving scheme
Item type Books
Holdings
Withdrawn status Lost status Source of classification or shelving scheme Damaged status Not for loan Collection code Permanent location Current location Shelving location Date acquired Total Checkouts Full call number Barcode Date last seen Price effective from Koha item type
          Koleksioni i përgjithshem UBT - Lipjan UBT - Lipjan Koleksioni i përgjithshem 01/29/2018   630.681 BAR 002-2996710 01/29/2018 01/29/2018 Books
UBT Library © 2015-2024. All rights reserved University Education for Business and Technology